000 00414nam a2200169Ia 4500
001 2302
003 IN-NITTTR
005 20251114232928.0
008 251113s9999||||xx |||||||||||||| ||eng||
040 _beng
040 _cIN-NITTTR
041 _aeng
082 _a621.3 R66E
100 _aRomanowitz, H. Alex.
245 0 _aElectrical fundamentals and circuit analysis /
_cRomanowitz, H. Alex.
942 _2ddc
_cBK
999 _c3501
_d3501